[Event "GER-ch Seniors-B 17th"]
[Site "Essen"]
[Date "2005.08.20"]
[Round "1"]
[White "Kusch, Bruno"]
[Black "Weller, Friedhelm"]
[Result "0-1"]
[WhiteElo "1494"]
[BlackElo "1869"]
[PlyCount "64"]
[EventDate "2005.08.20"]
[EventType "swiss"]
[EventRounds "9"]
[EventCountry "GER"]
[SourceTitle "CBM 108 Extra"]
[Source "ChessBase"]
[SourceDate "2005.11.04"]
[SourceVersion "1"]
[SourceVersionDate "2005.11.04"]
[SourceQuality "1"]

1. d4 d5 2. c4 e6 3. Nc3 c6 4. Nf3 Bd6 5. Bg5 Nf6 6. e4 dxe4 7. Nxe4 Be7 8. Nxf6+ Bxf6 9. Bxf6 Qxf6 10. Bd3 Nd7 11. Qc2 h6 12. 0-0-0 Nb6 13. Rhe1 Bd7 14. Ne5 0-0-0 15. g3 Be8 16. Bf1 Kb8 17. Kb1 g5 18. Re3 Qg7 19. Nf3 g4 20. Ne5 h5 21. Bg2 h4 22. Be4 hxg3 23. fxg3 Rh6 24. Red3 f6 25. d5 fxe5 26. dxc6 Rxd3 27. Qxd3 Bxc6 28. Qd6+ Qc7 29. Qf8+ Nc8 30. Bxc6 Rxh2 31. Bd7 Qxc4 32. Bxc8 Qc2+ 0-1